[Event "Biel MTO 2013"]
[Site "Biel SUI"]
[Date "2013.07.24"]
[Round "3.20"]
[White "Zuse, Klaus-Peter"]
[Black "Farid, Firman Syah"]
[Result "1-0"]
[WhiteTitle "FM"]
[BlackTitle "IM"]
[WhiteElo "2263"]
[BlackElo "2396"]
[WhiteFideId "4605306"]
[BlackFideId "7102526"]
[EventDate "2013.07.22"]

1. e4 c6 2. d4 d5 3. f3 g6 4. Nc3 Bg7 5. Be3 Qb6 6. Qd2 e6 7. O-O-O Na6 8. h4 h5
9. Nh3 Bd7 10. Bg5 Ne7 11. Bxa6 Qxa6 12. Qf4 Ng8 13. Qd6 f6 14. Be3 Rd8 15. Qg3
Ne7 16. Nf4 Kf7 17. Qf2 b5 18. Nd3 Qa5 19. Kb1 b4 20. Ne2 Qb5 21. g4 Rdg8 22. g5
f5 23. Bf4 Ra8 24. Be5 Rhc8 25. Bxg7 Kxg7 26. Nc5 Rd8 27. Rhe1 Qb8 28. Nc1 dxe4
29. fxe4 Bc8 30. exf5 Nxf5 31. Ne2 Qd6 32. Nf4 e5 33. Ne4 Qc7 34. dxe5 Rxd1+ 35.
Rxd1 Qxe5 36. Nf6 Ba6 37. Re1 Qa5 38. Qd4 1-0

[Event "Biel MTO 2013"]
[Site "Biel SUI"]
[Date "2013.07.25"]
[Round "4.1"]
[White "Smeets, Jan"]
[Black "Solak, Dragan"]
[Result "1/2-1/2"]
[WhiteTitle "GM"]
[BlackTitle "GM"]
[WhiteElo "2643"]
[BlackElo "2598"]
[WhiteFideId "1007246"]
[BlackFideId "916811"]
[EventDate "2013.07.22"]

1. e4 c6 2. d4 d5 3. e5 Bf5 4. Nf3 e6 5. Be2 Ne7 6. O-O Bg6 7. Nbd2 Nf5 8. Nb3
Nd7 9. Bd2 Rc8 10. Rc1 h5 11. Ba5 b6 12. Bd2 h4 13. c4 Be7 14. cxd5 cxd5 15. Ba6
Rxc1 16. Qxc1 O-O 17. Qc3 Nb8 18. Bd3 Qd7 19. Rc1 Qa4 20. g4 hxg3 21. hxg3 Na6
22. a3 Nc7 23. g4 Nh4 24. Nxh4 Bxh4 25. Bxg6 fxg6 26. f4 Bd8 27. Qd3 a5 28. Be3
Qb5 29. Qxb5 Nxb5 30. a4 Na7 31. Kg2 Kf7 32. Nd2 Rh8 33. Nf3 Ke8 34. Bf2 Kd7 35.
Bg3 Be7 36. Kf2 b5 37. axb5 Nxb5 38. Ke2 Na7 39. Be1 Nc6 40. f5 gxf5 41. gxf5
Nb4 42. fxe6+ Kxe6 43. Bd2 Rb8 44. Rc7 Na2 45. Rc6+ Kf5 46. Rc7 Ke6 47. Rc6+ Kf5
48. Rc7 Ke6 1/2-1/2

[Event "Biel MTO 2013"]
[Site "Biel SUI"]
[Date "2013.07.25"]
[Round "4.3"]
[White "Harikrishna, Pentala"]
[Black "Malakhatko, Vadim"]
[Result "1-0"]
[WhiteTitle "GM"]
[BlackTitle "GM"]
[WhiteElo "2680"]
[BlackElo "2529"]
[WhiteFideId "5007003"]
[BlackFideId "14104202"]
[EventDate "2013.07.22"]

1. e4 e6 2. d4 d5 3. Nc3 Nf6 4. e5 Nfd7 5. Nce2 c5 6. c3 Nc6 7. Nf3 b5 8. Nf4
Qb6 9. Be2 cxd4 10. cxd4 b4 11. O-O Be7 12. Nh5 O-O 13. Be3 Ba6 14. Bxa6 Qxa6
15. Ne1 g6 16. Nf4 Rfc8 17. Ned3 Qb5 18. g3 Bd8 19. h4 Bb6 20. Ne2 h5 21. Ndf4
Ne7 22. g4 hxg4 23. Ng3 Nc6 24. Qxg4 Ndxe5 25. dxe5 Nxe5 26. Qe2 Qxe2 27. Nfxe2
d4 28. Bf4 Nf3+ 29. Kg2 Nxh4+ 30. Kh3 Nf3 31. Ne4 f5 32. Nd6 Rc2 33. Ng1 Nd2 34.
Rfe1 Ne4 35. Nxe4 fxe4 36. Rxe4 Rxf2 37. Kg3 Rxb2 38. Rxe6 Rc8 39. Nf3 Rc3 40.
Rae1 Bc5 41. Re8+ Kf7 42. Rd8 g5 43. Rd7+ Kg6 44. Re6+ Kf5 45. Re5+ Kg6 46. Bxg5 1-0

[Event "Biel MTO 2013"]
[Site "Biel SUI"]
[Date "2013.07.25"]
[Round "4.4"]
[White "Bartel, Mateusz"]
[Black "Bu, Xiangzhi"]
[Result "1-0"]
[WhiteTitle "GM"]
[BlackTitle "GM"]
[WhiteElo "2619"]
[BlackElo "2664"]
[WhiteFideId "1112635"]
[BlackFideId "8601445"]
[EventDate "2013.07.22"]

1. e4 c5 2. Nf3 Nc6 3. Bb5 d6 4. O-O Bd7 5. Re1 Nf6 6. c3 a6 7. Bc4 Bg4 8. d4 e6
9. d5 Bxf3 10. gxf3 exd5 11. exd5+ Ne7 12. Bg5 h6 13. Bxf6 gxf6 14. Nd2 Qd7 15.
Ne4 O-O-O 16. b4 Ng6 17. bxc5 dxc5 18. Rb1 Ne5 19. Nxf6 Qd6 20. Rxe5 Qxe5 21.
Qb3 Qc7 22. Kh1 h5 23. Bxa6 bxa6 24. Qa4 Rd6 25. Ne8 Rb6 26. Nxc7 Rxb1+ 27. Kg2
Kxc7 28. Qc6+ Kb8 29. d6 Ka7 30. d7 Bg7 31. Qxc5+ Kb7 32. Qe7 1-0

[Event "Biel MTO 2013"]
[Site "Biel SUI"]
[Date "2013.07.25"]
[Round "4.5"]
[White "Salem, A.R. Saleh"]
[Black "Saric, Ivan"]
[Result "1-0"]
[WhiteTitle "GM"]
[BlackTitle "GM"]
[WhiteElo "2531"]
[BlackElo "2639"]
[WhiteFideId "9301348"]
[BlackFideId "14508150"]
[EventDate "2013.07.22"]

1. d4 Nf6 2. c4 g6 3. Nf3 Bg7 4. g3 d5 5. Bg2 dxc4 6. Na3 O-O 7. O-O Nc6 8. Nxc4
Be6 9. b3 a5 10. a4 Bd5 11. e3 Qc8 12. Ba3 Rd8 13. Qe2 h6 14. Rfd1 Qe6 15. Rac1
Rac8 16. Qf1 g5 17. Nfe5 Ra8 18. Nxc6 bxc6 19. Bxd5 Rxd5 20. Ne5 c5 21. Bxc5 Ne4
22. Nd3 Rf5 23. Qg2 Rb8 24. g4 Rd5 25. b4 f5 26. bxa5 fxg4 27. a6 Ra8 28. a7
Rdd8 29. Ne5 Bxe5 30. dxe5 Rxd1+ 31. Rxd1 Qb3 32. Rc1 Qd5 33. Bd4 Qb7 34. a5 c5
35. a6 Qc6 36. Rxc5 Qg6 37. e6 Kh7 38. Rb5 Rc8 39. Qxg4 Nd6 40. Rb8 h5 41. Qd1 1-0

[Event "Biel MTO 2013"]
[Site "Biel SUI"]
[Date "2013.07.25"]
[Round "4.6"]
[White "Hausrath, Daniel"]
[Black "Sandipan, Chanda"]
[Result "1/2-1/2"]
[WhiteTitle "IM"]
[BlackTitle "GM"]
[WhiteElo "2516"]
[BlackElo "2623"]
[WhiteFideId "4617495"]
[BlackFideId "5004225"]
[EventDate "2013.07.22"]

1. Nf3 e6 2. g3 f5 3. Bg2 Nf6 4. O-O d5 5. d3 Bd6 6. c4 O-O 7. cxd5 Nxd5 8. e4
Ne7 9. Nc3 Nbc6 10. d4 fxe4 11. Ng5 Nd5 12. Bxe4 Nf6 13. Bg2 Be7 14. d5 Nxd5 15.
Nxd5 Bxg5 16. Bxg5 Qxg5 17. Nxc7 Rb8 18. Qb3 1/2-1/2

[Event "Biel MTO 2013"]
[Site "Biel SUI"]
[Date "2013.07.25"]
[Round "4.7"]
[White "Kurnosov, Igor"]
[Black "Wirig, Anthony"]
[Result "1-0"]
[WhiteTitle "GM"]
[BlackTitle "GM"]
[WhiteElo "2657"]
[BlackElo "2496"]
[WhiteFideId "4142527"]
[BlackFideId "615013"]
[EventDate "2013.07.22"]

1. Nf3 Nf6 2. g3 b6 3. Bg2 Bb7 4. O-O g6 5. d4 Bg7 6. c4 O-O 7. d5 Na6 8. Nc3
Nc5 9. Nd4 e5 10. Nb3 d6 11. Nxc5 bxc5 12. Rb1 Nd7 13. e4 Bc8 14. b4 cxb4 15.
Rxb4 f5 16. exf5 gxf5 17. Qc2 f4 18. Ne4 Bh6 19. c5 Nxc5 20. Nxc5 dxc5 21. Qxc5
Qd6 22. Qxd6 cxd6 23. Re1 Bf5 24. gxf4 Rac8 25. Rb7 Rf7 26. Rxf7 Kxf7 27. Ba3
Bxf4 28. Bxd6 Kf6 29. Bb4 Rc4 30. a3 Rc8 31. d6 Bd7 32. Bd5 Rc1 33. Rxc1 Bxc1
34. Kg2 a5 35. Bc5 h6 36. Kf3 Bb2 37. Ke4 Bf5+ 38. Ke3 Bc1+ 39. Ke2 Bd7 40. Kd3
Bb5+ 41. Kc2 Bf4 42. h4 e4 43. Bxe4 Ke6 44. Bd3 Bxd6 45. Bxd6 Ba4+ 46. Kc3 Kxd6
47. Kd4 Ke6 48. f4 Bd1 49. Kc5 Kf6 50. Kb5 a4 51. Kc5 Bb3 52. Kd4 Bd1 53. Kc3 h5
54. Kd4 Ke6 55. Be4 Kf6 56. Ke3 Bb3 57. Bc6 Ke7 58. Bf3 Bf7 59. Bd1 Be8 60. Kd4
Kf6 61. Bc2 Ke6 62. Kc5 Bd7 63. Kb4 Kd5 64. Bxa4 Bf5 65. Kc3 1-0

[Event "Biel MTO 2013"]
[Site "Biel SUI"]
[Date "2013.07.25"]
[Round "4.8"]
[White "Burnier, David"]
[Black "Gharamian, Tigran"]
[Result "0-1"]
[WhiteTitle "FM"]
[BlackTitle "GM"]
[WhiteElo "2347"]
[BlackElo "2655"]
[WhiteFideId "1307940"]
[BlackFideId "13301527"]
[EventDate "2013.07.22"]

1. e4 c5 2. Nf3 d6 3. d4 cxd4 4. Nxd4 e6 5. Nc3 a6 6. Be2 Nf6 7. Be3 Qc7 8. O-O
Be7 9. f4 O-O 10. g4 Re8 11. g5 Nfd7 12. Bd3 Nc6 13. Qh5 g6 14. Qh4 Bf8 15. Rf3
Bg7 16. Nde2 Nf8 17. Raf1 b5 18. f5 Ne5 19. f6 Nxf3+ 20. Rxf3 Bh8 21. Qh6 b4 22.
Nd1 e5 23. Nf2 Be6 24. h4 Qa5 25. h5 Qxa2 26. hxg6 fxg6 27. b3 Rec8 28. Ng4 Rc7
29. Qh4 Kf7 30. Nh6+ Ke8 31. Qe1 Rb8 32. Qd2 Rc6 33. Rf1 Qa5 34. Bc4 Bxc4 35.
bxc4 Rd8 36. Qd3 Qa2 37. c5 Qe6 38. Rd1 Rd7 39. Qd5 dxc5 40. Qxe6+ Rxe6 41. Rd5
Bxf6 42. gxf6 Rxf6 43. Bxc5 Rxd5 44. exd5 a5 45. Ng4 Rf5 46. Nf2 Nd7 47. Be3 Rf3
48. Nd1 Nf6 49. Kg2 e4 50. Nd4 Nxd5 51. Nxf3 exf3+ 52. Kxf3 Nxe3 53. Nxe3 Ke7
54. Ke4 Ke6 55. Nd5 g5 56. Nb6 h5 57. Na4 h4 58. Nc5+ Ke7 59. Na4 h3 60. Kf3 g4+
61. Kg3 Kd6 0-1

[Event "Biel MTO 2013"]
[Site "Biel SUI"]
[Date "2013.07.25"]
[Round "4.9"]
[White "Ganguly, Surya Shekhar"]
[Black "Schoorl, Rob"]
[Result "1-0"]
[WhiteTitle "GM"]
[BlackTitle "FM"]
[WhiteElo "2628"]
[BlackElo "2340"]
[WhiteFideId "5002150"]
[BlackFideId "1009508"]
[EventDate "2013.07.22"]

1. d4 d5 2. c4 c6 3. Nc3 dxc4 4. e3 b5 5. a4 b4 6. Ne4 Qd5 7. Ng3 Nf6 8. Be2 Ba6
9. e4 Nxe4 10. Bf3 f5 11. N1e2 g6 12. O-O Nd7 13. Nf4 Qf7 14. Nxe4 fxe4 15. Bg4
e5 16. dxe5 Nc5 17. Nh5 Rd8 18. Nf6+ Qxf6 19. exf6 Rxd1 20. Rxd1 Nd3 21. Be3 Kf7
22. Bd7 Bd6 23. Bxc6 Be5 24. Bb5 Bxb5 25. axb5 Bxb2 26. Rxa7+ Kxf6 27. Rc7 Rb8
28. Rxc4 Rxb5 29. Rxe4 Ne5 30. Rb1 Bc3 31. Bd4 Bxd4 32. Rxd4 b3 33. f4 Ng4 34.
Rd3 Kf5 35. g3 Rc5 36. Rdxb3 Rc2 37. R3b2 Rc3 38. Rb5+ Kf6 39. R5b3 Rc2 40. h3
Nf2 41. g4 h5 42. Rf3 Ne4 43. Rb6+ Kf7 44. Ra3 Rc1+ 45. Kg2 Rc2+ 46. Kf3 Nd2+
47. Kg3 1-0

[Event "Biel MTO 2013"]
[Site "Biel SUI"]
[Date "2013.07.25"]
[Round "4.10"]
[White "Saric, Ante"]
[Black "Botta, Gabriele"]
[Result "1/2-1/2"]
[WhiteTitle "GM"]
[BlackTitle "FM"]
[WhiteElo "2565"]
[BlackElo "2319"]
[WhiteFideId "14506254"]
[BlackFideId "1312120"]
[EventDate "2013.07.22"]

1. d4 d5 2. c4 c6 3. Nf3 Nf6 4. e3 Bf5 5. Nc3 e6 6. Nh4 Be4 7. f3 Bg6 8. Nxg6
hxg6 9. g3 Qc7 10. Kf2 Bd6 11. Kg2 Nbd7 12. cxd5 exd5 13. e4 dxe4 14. fxe4 c5
15. Nb5 Qc6 16. d5 Qb6 17. Nxd6+ Qxd6 18. Bf4 Qb6 19. Qc2 O-O 20. Bd3 Rfe8 21.
Rhe1 Ne5 22. Bf1 Rac8 23. b3 Qb4 24. Bd2 Qb6 25. a4 c4 26. bxc4 Nfg4 27. Bf4
Nxc4 28. Qe2 f5 29. Rab1 Qd4 30. Rbd1 Nce3+ 31. Bxe3 Qxe4+ 32. Kg1 Nxe3 33. Rd2
Qxa4 34. Qb5 Qxb5 35. Bxb5 Re5 36. Ba4 Ng4 37. Rxe5 Nxe5 38. Re2 Nf7 39. Re7 Nd6
40. Rd7 Rc4 41. Rd8+ Kh7 42. Bd7 Rd4 43. Be6 Ne4 44. h4 Nxg3 45. d6 Ne4 46. d7
Nf6 47. Kf2 Rd6 48. Kg3 a5 49. Re8 Nxd7 50. Bg8+ Kh6 51. Bf7 Rd3+ 52. Kf4 Rd4+
53. Kg3 Rd3+ 54. Kf4 Rd4+ 55. Kg3 Nf6 56. Rh8+ Nh7 57. Bg8 g5 58. Rxh7+ Kg6 59.
h5+ Kf6 60. h6 gxh6 61. Rxb7 h5 62. Rb6+ Kg7 63. Be6 h4+ 64. Kh3 Rd3+ 65. Kg2
h3+ 66. Kh2 Rf3 67. Bd5 Re3 68. Be6 Kf6 69. Bc8+ Ke5 70. Rb5+ Kd4 71. Rxf5 g4
72. Rf4+ Re4 73. Rxg4 1/2-1/2

[Event "Biel MTO 2013"]
[Site "Biel SUI"]
[Date "2013.07.25"]
[Round "4.11"]
[White "Muhammad, Luthfi Ali"]
[Black "Cvitan, Ognjen"]
[Result "0-1"]
[WhiteTitle "CM"]
[BlackTitle "GM"]
[WhiteElo "2279"]
[BlackElo "2562"]
[WhiteFideId "7103743"]
[BlackFideId "14500086"]
[EventDate "2013.07.22"]

1. e4 c5 2. Nf3 d6 3. d4 cxd4 4. Nxd4 Nf6 5. Nc3 g6 6. Be3 Bg7 7. f3 Nc6 8. Qd2
O-O 9. O-O-O d5 10. Qe1 e5 11. Nxc6 bxc6 12. exd5 Nxd5 13. Ne4 Qc7 14. Bc5 Rd8
15. Qh4 h6 16. g4 Be6 17. g5 h5 18. Bc4 Rd7 19. Ba3 Rad8 20. Nc5 Ne3 21. Nxd7
Nxc4 22. Nf6+ Bxf6 23. gxf6 Re8 24. Qg5 Kh7 25. Rd3 Qa5 26. Rhd1 Bf5 27. Rd7
Bxd7 28. Rxd7 Qe1+ 29. Rd1 Qe2 0-1

[Event "Biel MTO 2013"]
[Site "Biel SUI"]
[Date "2013.07.25"]
[Round "4.12"]
[White "Lang, Torsten"]
[Black "Adianto, Utut"]
[Result "0-1"]
[WhiteTitle "FM"]
[BlackTitle "GM"]
[WhiteElo "2338"]
[BlackElo "2548"]
[WhiteFideId "4619315"]
[BlackFideId "7100019"]
[EventDate "2013.07.22"]

1. d4 d5 2. Bf4 Nf6 3. e3 g6 4. h3 Bg7 5. Nf3 O-O 6. c3 c5 7. Nbd2 Qb6 8. Qb3 c4
9. Qc2 Bf5 10. Qc1 Nc6 11. Be2 Nd7 12. O-O e5 13. dxe5 Ndxe5 14. Nxe5 Nxe5 15.
Bxe5 Bxe5 16. Bd1 Rad8 17. Bc2 Bc8 18. Nf3 Bc7 19. Re1 Qf6 20. Qd1 Bb6 21. Qe2
Bc5 22. Rad1 b5 23. a3 Rfe8 24. Rd2 a5 25. Red1 Bb7 26. Nd4 b4 27. axb4 axb4 28.
Qf3 Qd6 29. Ne2 b3 30. Bb1 Qe7 31. Qg3 Bd6 32. Nf4 Kf8 33. h4 Qf6 34. Qg5 Qxg5
35. hxg5 Bxf4 36. exf4 Ra8 37. f3 Kg7 38. Kf2 h6 39. gxh6+ Kxh6 40. f5 Kg7 41.
fxg6 fxg6 42. Rd4 Re6 43. Rg4 Rae8 44. Rd2 R8e7 45. Rg5 Kf7 46. Rg4 Ra6 47. Rdd4
Re5 48. Rh4 Kg7 49. f4 Re7 50. Rg4 Rae6 51. Rd2 Kf7 52. Rg5 Bc6 53. f5 gxf5 54.
Rxf5+ Ke8 55. Rf4 Ra7 56. Re2 Rxe2+ 57. Kxe2 Ra1 58. Bg6+ Ke7 59. Rf2 Bd7 60.
Ke3 Kd6 61. Rd2 Be6 62. Bh5 Ke5 63. Bf3 Rb1 64. Kf2 Rc1 65. Ke3 Rb1 66. Kf2 Bf7
67. Ke3 Re1+ 68. Kf2 Ra1 69. Ke3 Ra2 70. Ke2 Ra5 71. Ke3 Ra2 72. Ke2 d4 73.
cxd4+ Kf4 74. g3+ Kxg3 75. Ke3 c3 76. Rg2+ Kh3 77. Rg7 c2 78. Rg1 Rxb2 79. Rh1+
Kg3 80. Rg1+ Kh4 81. Rh1+ Kg5 82. Kd2 Kf4 83. Rf1 Rb1 84. Be2+ Rxf1 85. Bxf1 Bg6
86. Kc1 Ke3 87. Bc4 b2+ 0-1

[Event "Biel MTO 2013"]
[Site "Biel SUI"]
[Date "2013.07.25"]
[Round "4.15"]
[White "Hasenohr, Benedict"]
[Black "Huang, Qian"]
[Result "0-1"]
[BlackTitle "WGM"]
[WhiteElo "2276"]
[BlackElo "2487"]
[WhiteFideId "1303309"]
[BlackFideId "8602689"]
[EventDate "2013.07.22"]

1. d4 d6 2. Nf3 Bg4 3. c4 Nd7 4. g3 Bxf3 5. exf3 c6 6. Nc3 Ngf6 7. Bg2 e6 8. O-O
d5 9. cxd5 Nxd5 10. Nxd5 cxd5 11. Bf4 Qb6 12. Qa4 Bd6 13. Be3 Qb4 14. Qxb4 Bxb4
15. Rfc1 Bd6 16. Bf1 Ke7 17. Rc3 Rac8 18. Rac1 Rxc3 19. Rxc3 h6 20. h4 a6 21.
Bd3 f5 22. Kg2 Rf8 23. Bc1 Nb8 24. Rb3 b5 25. a4 b4 26. Bd2 Nc6 27. Bxa6 Ra8 28.
Bb7 Na5 29. Rxb4 Rb8 30. Rb5 Nxb7 31. Bc3 Kd7 32. Kf1 f4 33. g4 Kc6 34. Bb4 Bxb4
35. Rxb4 Ra8 36. Ke2 Nd6 37. Kd3 h5 38. gxh5 Nf5 39. b3 Nxh4 40. Rb5 Nxf3 41.
Rc5+ Kd6 42. Rb5 e5 43. dxe5+ Nxe5+ 44. Kd2 Kc6 45. Rb4 d4 46. f3 Rh8 47. Ke2
Rxh5 48. Rxd4 Rh2+ 49. Kf1 g5 50. a5 Ra2 0-1

[Event "Biel MTO 2013"]
[Site "Biel SUI"]
[Date "2013.07.25"]
[Round "4.16"]
[White "Paust, Wolf-Dieter"]
[Black "Schiendorfer, Emanuel"]
[Result "0-1"]
[BlackTitle "FM"]
[WhiteElo "2049"]
[BlackElo "2392"]
[WhiteFideId "4625323"]
[BlackFideId "1309889"]
[EventDate "2013.07.22"]

1. e4 c5 2. Nc3 Nc6 3. Bc4 e6 4. d3 Nf6 5. Bf4 d5 6. Bb3 c4 7. Ba4 d4 8. Bxc6+
bxc6 9. Nce2 e5 10. Bg3 Qa5+ 11. Kf1 Ba6 12. Nf3 Nd7 13. Ne1 Be7 14. h4 O-O 15.
Kg1 f5 16. f3 fxe4 17. dxe4 Qb6 18. Kh2 Qxb2 19. Rb1 Qa3 20. Bf2 Rab8 21. Rxb8
Rxb8 22. Nc1 Rb1 0-1

[Event "Biel MTO 2013"]
[Site "Biel SUI"]
[Date "2013.07.25"]
[Round "4.17"]
[White "Donchenko, Alexander"]
[Black "Hakimifard, Ghazal"]
[Result "1-0"]
[WhiteTitle "IM"]
[BlackTitle "WIM"]
[WhiteElo "2477"]
[BlackElo "2196"]
[WhiteFideId "24603295"]
[BlackFideId "12506540"]
[EventDate "2013.07.22"]

1. c4 Nf6 2. g3 e5 3. Bg2 d5 4. cxd5 Nxd5 5. Nc3 Nb6 6. Nf3 Nc6 7. O-O Be7 8. a3
O-O 9. b4 Be6 10. Rb1 f6 11. d3 Nd4 12. Nd2 Nd5 13. Bb2 c6 14. Nxd5 Bxd5 15.
Bxd5+ Qxd5 16. Bxd4 exd4 17. Qb3 Rad8 18. Rfc1 f5 19. Qxd5+ Rxd5 20. Nb3 Re8 21.
Kf1 Kf7 22. Rc2 g6 23. Kg2 Bd6 24. Rbb2 Re7 25. Rc4 Be5 26. Kf3 g5 27. h3 h5 28.
Kg2 Kf6 29. Rb1 h4 30. gxh4 gxh4 31. Rf1 Rd8 32. Rg1 Rg7+ 33. Kf1 Rxg1+ 34. Kxg1
Ke7 35. Nc5 b6 36. Nb3 Rd6 37. Kh1 Ke6 38. Rc1 Kf7 39. Kg2 Rg6+ 40. Kf3 Ke7 41.
Rc4 Rd6 42. Nd2 Rg6 43. Rc1 Bg7 44. Nc4 Ke6 45. a4 Bf8 46. b5 Bh6 47. Rb1 Kd5
48. a5 bxa5 49. Nxa5 c5 50. Nc4 Rg7 51. b6 Rb7 52. Rg1 axb6 53. Rg6 Bf8 54.
Nxb6+ Ke5 55. Nc4+ Kd5 56. Kf4 1-0

[Event "Biel MTO 2013"]
[Site "Biel SUI"]
[Date "2013.07.25"]
[Round "4.18"]
[White "Sebenik, Matej"]
[Black "Schaerer, Julian"]
[Result "1-0"]
[WhiteTitle "GM"]
[WhiteElo "2511"]
[BlackElo "2294"]
[WhiteFideId "14602296"]
[BlackFideId "1321048"]
[EventDate "2013.07.22"]

1. d4 d5 2. c4 c6 3. cxd5 cxd5 4. Bf4 Nc6 5. e3 Nf6 6. Nc3 a6 7. Bd3 Bg4 8. Nge2
e6 9. O-O Be7 10. Rc1 O-O 11. Na4 Rc8 12. f3 Bh5 13. Nc5 Bxc5 14. dxc5 Bg6 15.
Bd6 Re8 16. Nf4 Bxd3 17. Qxd3 Qa5 18. a3 Qb5 19. Qxb5 axb5 20. Nd3 d4 21. exd4
Nxd4 22. Rfe1 Nd5 23. Nf4 Nxf4 24. Bxf4 Red8 25. Kf1 f6 26. Red1 Kf7 27. Be3 Nb3
28. Rxd8 Rxd8 29. Rc3 Na5 30. Ke2 Ke7 31. a4 bxa4 32. Ra3 Nc4 33. Rxa4 Nxe3 34.
Kxe3 Rd5 35. Rb4 Rxc5 36. Rxb7+ Kd6 37. Rxg7 Rb5 38. Rxh7 Rxb2 39. g4 Ke5 40.
f4+ Kd6 41. g5 e5 42. g6 exf4+ 43. Kf3 Ke6 44. Rh8 Rb7 45. Kxf4 Rg7 46. Rh6 Ra7
47. Rh7 Ra4+ 48. Kf3 f5 49. h4 Kf6 50. h5 Ra3+ 51. Kf4 Ra4+ 52. Ke3 Ra3+ 53. Kd2
Ra2+ 54. Kc3 Ra3+ 55. Kb2 Rg3 56. Kc2 Rg2+ 57. Kd3 Rg1 58. Ke3 Rg2 59. Kf3 Rg1
60. Rf7+ Ke6 61. Rf8 Ke7 62. Rxf5 Ke6 63. Rf4 Rf1+ 64. Ke3 Rg1 65. Kf3 Rf1+ 66.
Kg4 Ra1 67. Kg5 Ra5+ 68. Kh6 1-0

[Event "Biel MTO 2013"]
[Site "Biel SUI"]
[Date "2013.07.25"]
[Round "4.20"]
[White "Cherniaev, Alexander"]
[Black "Medina, Warda Aulia"]
[Result "0-1"]
[WhiteTitle "GM"]
[BlackTitle "WIM"]
[WhiteElo "2447"]
[BlackElo "2286"]
[WhiteFideId "4117301"]
[BlackFideId "7101570"]
[EventDate "2013.07.22"]

1. c4 e5 2. Nc3 Nf6 3. g3 c6 4. Nf3 e4 5. Nd4 d5 6. cxd5 cxd5 7. d3 exd3 8. Qxd3
Nc6 9. Bg2 Be7 10. O-O O-O 11. Be3 Ne5 12. Qb5 a6 13. Qb3 Nc4 14. Bf4 Na5 15.
Qc2 Be6 16. Rad1 Rc8 17. e4 Bg4 18. Nde2 b5 19. e5 Nd7 20. h3 Be6 21. Qb1 Nb6
22. Nd4 b4 23. Nce2 Nac4 24. b3 Na3 25. Qd3 a5 26. Bc1 Bc5 27. Bb2 Qe7 28. Kh2
Bd7 29. f4 Qe8 30. Rfe1 Nb5 31. f5 Qxe5 32. Nf4 Qf6 33. Nh5 Qh6 34. Bc1 Qxh5 35.
Bf3 Bxf5 36. Nxf5 Qg6 37. Be3 Qf6 38. Qxb5 Qxf5 39. Bxc5 Qc2+ 40. Re2 Qxc5 41.
Qd3 Rfe8 42. Rxe8+ Rxe8 43. Bxd5 Nxd5 44. Qxd5 Re2+ 45. Kh1 Re1+ 46. Kg2 Qg1+
47. Kf3 Re3+ 0-1

[Event "Biel MTO 2013"]
[Site "Biel SUI"]
[Date "2013.07.26"]
[Round "5.2"]
[White "Solak, Dragan"]
[Black "Harikrishna, Pentala"]
[Result "1/2-1/2"]
[WhiteTitle "GM"]
[BlackTitle "GM"]
[WhiteElo "2598"]
[BlackElo "2680"]
[WhiteFideId "916811"]
[BlackFideId "5007003"]
[EventDate "2013.07.22"]

1. e4 g6 2. d4 Bg7 3. Nf3 d6 4. Bc4 Nf6 5. Qe2 O-O 6. O-O Bg4 7. h3 Bxf3 8. Qxf3
Nfd7 9. Qd1 Nc6 10. c3 e5 11. dxe5 Ncxe5 12. Bb3 Nc5 13. Bc2 Re8 14. Nd2 a5 15.
Nb3 Ned7 16. Re1 Qh4 17. Nxc5 Nxc5 18. Qf3 Re6 19. Be3 a4 20. Bxc5 dxc5 21. Rad1
Qe7 22. Qd3 Rb6 23. b3 Qe5 24. Re3 Rd6 25. Qe2 axb3 26. Bxb3 Rxd1+ 27. Qxd1 b5
28. Qd5 Rf8 29. Qxe5 Bxe5 30. c4 c6 31. Kf1 Kg7 32. g3 Rd8 33. f4 Bb2 34. Re2
Bc3 35. cxb5 cxb5 36. Bd5 f5 37. Bc6 b4 38. exf5 Rd1+ 39. Kg2 gxf5 40. Ba4 Rd4
41. Bc2 Kf6 42. Kf3 c4 43. Re5 Rd2 44. Re2 Rd6 45. g4 fxg4+ 46. hxg4 h6 47. Rh2
Kg7 48. g5 Ra6 49. gxh6+ Rxh6 50. Rxh6 Kxh6 1/2-1/2

[Event "Biel MTO 2013"]
[Site "Biel SUI"]
[Date "2013.07.26"]
[Round "5.4"]
[White "Adianto, Utut"]
[Black "Kurnosov, Igor"]
[Result "1/2-1/2"]
[WhiteTitle "GM"]
[BlackTitle "GM"]
[WhiteElo "2548"]
[BlackElo "2657"]
[WhiteFideId "7100019"]
[BlackFideId "4142527"]
[EventDate "2013.07.22"]

1. d4 Nf6 2. Nf3 g6 3. g3 c5 4. Bg2 cxd4 5. Nxd4 Bg7 6. c4 O-O 7. Nc3 Nc6 8. O-O
Qa5 9. e3 d6 10. Bd2 Qa6 11. b3 Bd7 12. a4 Rac8 13. h3 Rfd8 14. Ndb5 b6 15. Qe2
Qb7 16. Rfd1 Qb8 17. Be1 a6 18. Nd4 e6 19. Ra2 Na5 20. Rb2 Be8 21. Rbb1 Qa7 22.
Ne4 Nxe4 23. Bxe4 Qe7 24. Bg2 Nb7 25. Qa2 Rc7 1/2-1/2

[Event "Biel MTO 2013"]
[Site "Biel SUI"]
[Date "2013.07.26"]
[Round "5.5"]
[White "Gharamian, Tigran"]
[Black "Megaranto, Susanto"]
[Result "1-0"]
[WhiteTitle "GM"]
[BlackTitle "GM"]
[WhiteElo "2655"]
[BlackElo "2524"]
[WhiteFideId "13301527"]
[BlackFideId "7101384"]
[EventDate "2013.07.22"]

1. e4 e6 2. d4 d5 3. Nd2 dxe4 4. Nxe4 Bd7 5. Nf3 Bc6 6. Bd3 Nd7 7. O-O Ngf6 8.
Ned2 Be7 9. Nc4 O-O 10. Re1 Bb5 11. Bf1 c6 12. Bf4 Bxc4 13. Bxc4 Re8 14. c3 Bf8
15. Qb3 Qb6 16. Rad1 g6 17. Bf1 Nh5 18. Be3 Rad8 19. g3 Nhf6 20. Bg5 Be7 21. Bg2
Nd5 22. Bh6 Qxb3 23. axb3 Bf6 24. Bf1 a6 25. b4 N7b6 26. Ra1 Ne7 27. Bf4 Nd7 28.
Rad1 Bg7 29. Bg5 Bf6 30. Bc1 Nd5 31. Bd2 Bg7 32. h3 Ra8 33. Ra1 Rad8 34. Kg2 Rc8
35. Ng5 N5f6 36. f4 Rcd8 37. Rad1 Bh6 38. Bc4 Nb6 39. Bb3 Nbd5 40. Nf3 Nd7 41.
Re2 Ra8 42. Ra1 Rad8 43. Ne1 Bf8 44. Nd3 Be7 45. Rae1 Bf6 46. Nf2 Be7 47. Nd3
Bf6 48. Ra1 Kg7 49. Be1 h5 50. Bd2 Rh8 51. Nf2 Rhe8 52. Ne4 Be7 53. Rae1 N5f6
54. Ng5 Nf8 55. Kf3 N6h7 56. Ne4 Nd7 57. g4 hxg4+ 58. hxg4 Rh8 59. g5 Nhf8 60.
Kg3 b5 61. Be3 Rh5 62. Ra1 Ra8 63. Ree1 Nb6 64. Nc5 Bd6 65. Ne4 Be7 66. Bd1 Rh7
67. Nc5 Nd5 68. Bf3 Bd6 69. Rxa6 Rxa6 70. Nxa6 Nd7 71. Bxd5 exd5 72. Nc5 Nb6 73.
b3 Nc8 74. Nd3 Ne7 75. Bf2 Nf5+ 76. Kg2 Rh8 77. Ra1 Rc8 78. Ne5 Kf8 79. Ra6 Ke8
80. Kf3 Bxe5 81. dxe5 Rc7 82. Bb6 Rb7 83. Ra8+ Kd7 84. Bc5 Rc7 85. Rf8 Ke6 86.
Rd8 Nh4+ 87. Ke3 Nf5+ 88. Kd3 Rb7 89. Re8+ Kd7 90. Rf8 Ke6 91. Rd8 Rc7 92. Ke2
Ng3+ 93. Ke3 Nf5+ 94. Kf3 Nh4+ 95. Kg4 Nf5 96. Rb8 Ng7 97. Bb6 Rd7 98. Rc8 d4
99. Bxd4 Kd5 100. Kf3 Ne6 101. Ke3 Rd8 102. Rxd8+ Nxd8 103. Kd3 c5 104. Bxc5 Ne6
105. Be3 Ng7 106. c4+ Kc6 107. Ke4 Nf5 108. Bf2 Ng7 109. Be1 Ne6 110. Bd2 Ng7
111. cxb5+ Kxb5 112. Kd5 1-0

[Event "Biel MTO 2013"]
[Site "Biel SUI"]
[Date "2013.07.26"]
[Round "5.6"]
[White "Huang, Qian"]
[Black "Ganguly, Surya Shekhar"]
[Result "1/2-1/2"]
[WhiteTitle "WGM"]
[BlackTitle "GM"]
[WhiteElo "2487"]
[BlackElo "2628"]
[WhiteFideId "8602689"]
[BlackFideId "5002150"]
[EventDate "2013.07.22"]

1. c4 Nf6 2. Nc3 d5 3. cxd5 Nxd5 4. g3 g6 5. Bg2 Nxc3 6. dxc3 Qxd1+ 7. Kxd1 e5
8. e4 Bc5 9. f4 Bg4+ 10. Kc2 f6 11. fxe5 fxe5 12. Bh6 Nd7 13. Bh3 Bf8 14. Bxg4
Bxh6 15. Nf3 O-O 1/2-1/2